000 01127cad a22002415 4500
001 L143880
008 060615s2007 xxkad f s 000 0 eng d
035 _a(Sirsi) u143880
041 0 _aeng
050 0 4 _a332.6324 $2 18
110 2 _aInvestment Property Databank
_92288
245 0 0 _aIPD pan-European property index results to December 2007
260 _aLondon
_bIPD
_c2007
490 0 _aIPD Pan-European Property Index
505 2 _aIntroduction -- All property returns in euros -- All property returns in pounds sterling -- All property returns in US dollars -- All property returns in local currencies -- Technical note
520 _aUngeared total returns to direct property investments fell significantly across Europe in 2007, down to 5.9% from 12.4% in 2008. Overall capital values fell in the UK and Germany, Europe's largest economies.
590 _aKA
650 2 4 _aIPD PAN EUROPEAN PROPERTY INDEX
651 4 _aEurope
690 _aPROPERTY-COMMERCIAL PROPERTY-COMMERCIAL PROPERTY MARKET
856 4 0 _uhttps://www.ipdindex.co.uk/
_zView the item free of charge at www.ipdindex.co.uk...
942 _n0
999 _c108303
_d108303